000 00786cab a22002175a 4500
001 L149917
008 100517e20100424xxkad f s 000 0 eng d
035 _a(Sirsi) u149917
041 0 _aeng
100 1 _aQuinn, David
245 0 0 _aFocus North East
260 _c2010
490 0 _aEstates Gazette
_v(1016) 24 April 2010, 83-97(12)
520 _aFeature on various areas of the North East concentrating on leisure, offices and retail, redevelopment complete with statistical overview. Includes information about Newcastle's latest development, Wellbar Central and Billington town centre.
590 _aKA
651 4 _aNorth East
690 _aPROPERTY-COMMERCIAL PROPERTY-COMMERCIAL PROPERTY MARKET
700 1 _aCunningham, Daniel
700 1 _aThame, David
942 _n0
999 _c82325
_d82325